logo

Bir Sreshtho Munshi Abdur Rouf Library
Jhenaidah Cadet College

Rousseau and the modern state, (Record no. 9320)

MARC details
000 -LEADER
fixed length control field 00696cam a22002531 4500
001 - CONTROL NUMBER
JCCL Control Number 9320
003 - CONTROL NUMBER IDENTIFIER
JCCL marc code BD-JhCC
005 - DATE AND TIME OF LATEST TRANSACTION
control field 20180312194549.0
008 - FIXED-LENGTH DATA ELEMENTS--GENERAL INFORMATION
fixed length control field 741120s1934 enk 000 0 eng
035 ## - SYSTEM CONTROL NUMBER
system control number (OCoLC)1081969
-- (BD-JhCC)9320
040 ## - CATALOGING SOURCE
Original cataloging agency DLC
Transcribing agency OClW
Modifying agency OCoLC
-- DLC
-- BD-JhCC
041 ## - LANGUAGE CODE
Language code of Book eng
050 00 - LIBRARY OF CONGRESS CALL NUMBER
Classification number JC179.R9
Item number C6
082 ## - DEWEY DECIMAL CLASSIFICATION NUMBER
Classification number 320.1
Author mark and Year COB 1934
100 1# - MAIN ENTRY--PERSONAL NAME
Personal name Cobban, Alfred.
245 10 - TITLE STATEMENT
Title Rousseau and the modern state,
Statement of responsibility, etc by Alfred Cobban.
260 ## - PUBLICATION, DISTRIBUTION, ETC. (IMPRINT)
Place of publication, distribution, etc London,
Name of publisher, distributor, etc G. Allen & Unwin ltd.
Date of publication, distribution, etc [1934]
300 ## - PHYSICAL DESCRIPTION
Pagination 288 p.
Dimensions 22 cm.
600 10 - SUBJECT ADDED ENTRY--PERSONAL NAME
Personal name Rousseau, Jean-Jacques,
Dates associated with a name 1712-1778.
650 #0 - SUBJECT ADDED ENTRY--TOPICAL TERM
Topical term or geographic name as entry element Political science.
650 #0 - SUBJECT ADDED ENTRY--TOPICAL TERM
Topical term or geographic name as entry element Social contract.
942 ## - ADDED ENTRY ELEMENTS (KOHA)
Source of classification or shelving scheme Dewey Decimal Classification
Koha item type Books
Holdings
Source of classification or shelving scheme Damaged status Not for loan Home library Current library Shelving location Total Checkouts Full call number Barcode Date last seen Copy number Koha item type
Dewey Decimal Classification     JCC Rouf Library JCC Rouf Library General Stacks   320.1 COB 1934 12487 03/12/2018 C-1 Books

JCC Library | Contacts | JCC Home

Last Update on 23 September 2017
Copyright @ 2017-2020 JCC Rouf Library
Rouf Library, Jhenidah Cadet College (JCC), Bangladesh